Ekonómia praktikum

Salvato in:
Dettagli Bibliografici
Autore principale: Rozborilová, Dária
Altri autori: Čaplánová, Anetta, 1967-, Martincová, Marta, 1955-, Muchová, Eva, 1961-, Piovarčiová, Veronika, 1951-, Uramová, Mária, Lisý, Ján
Natura: Libro
Lingua:slovacco
Pubblicazione: Bratislava Wolters Kluwer 2015
Edizione:1. vyd.
Serie:Ekonómia
Soggetti:
Tags: Aggiungi Tag
Nessun Tag, puoi essere il primo ad aggiungerne!!

MARC

LEADER 00000nam a2200000 4500
001 0209309
005 20240502073458.3
020 |a 978-80-8168-246-9 
041 0 |a slo 
044 |a SK 
245 1 0 |a Ekonómia  |b praktikum  |c Dária Rozborilová a kolektív ; recenzovali: Mária Uramová, Ján Lisý 
250 |a 1. vyd. 
264 1 |a Bratislava  |b Wolters Kluwer  |c 2015 
300 |a 200 s. [6,38 AH] 
490 1 |a Ekonómia 
830 0 |a Ekonómia 
610 2 0 |a ekonómia 
610 2 0 |a teórie ekonomické 
610 2 0 |a myslenie ekonomické 
610 2 0 |a ekonomika znalostná 
610 2 0 |a trh 
610 2 0 |a pružnosť 
610 2 0 |a správanie spotrebiteľa 
610 2 0 |a rovnováha 
610 2 0 |a rozhodovanie podnikové 
610 2 0 |a faktory výrobné 
610 2 0 |a dôchodky 
100 1 |a Rozborilová, Dária 
700 1 |a Čaplánová, Anetta, 1967- 
700 1 |a Martincová, Marta, 1955- 
700 1 |a Muchová, Eva, 1961- 
700 1 |a Piovarčiová, Veronika, 1951- 
700 1 |a Uramová, Mária 
700 1 |a Lisý, Ján